00373 a2200133 450000500170000002000180001708200120003510000200004724500360006725000120010326000470011530000440016270000330020620250627174945.0 a0-03-922059-1 a658 CON aAPPELBAUM, S.H. aContemporary Canadian Business. a2nd Ed. aCanada,bHolt, Rinehart and Wiston,c1987. a782p.: ill.; figure, tablebIndexc26cm aBECKMAN, M. D. [...et al...]